Christelle Didier, Penser l’éthique des ingénieurs, Puf, coll. Questions d’éthique, 2008, 202 p., 23 € (notice n° 1642276)
[ vue normale ]
| 000 -LEADER | |
|---|---|
| fixed length control field | 00534cam a2200145 4500500 |
| 005 - DATE AND TIME OF LATEST TRANSACTION | |
| control field | 20260201130124.0 |
| 041 ## - LANGUAGE CODE | |
| Language code of text/sound track or separate title | fre |
| 042 ## - AUTHENTICATION CODE | |
| Authentication code | dc |
| 100 10 - MAIN ENTRY--PERSONAL NAME | |
| Personal name | Heriard Dubreuil, Bertrand |
| Relator term | author |
| 245 00 - TITLE STATEMENT | |
| Title | Christelle Didier, Penser l’éthique des ingénieurs, Puf, coll. Questions d’éthique, 2008, 202 p., 23 € |
| 260 ## - PUBLICATION, DISTRIBUTION, ETC. | |
| Date of publication, distribution, etc. | 2008.<br/> |
| 500 ## - GENERAL NOTE | |
| General note | 1 |
| 786 0# - DATA SOURCE ENTRY | |
| Note | Revue Projet | 307 | 6 | 2008-11-01 | p. 084e-086e | 0033-0884 |
| 856 41 - ELECTRONIC LOCATION AND ACCESS | |
| Uniform Resource Identifier | <a href="https://shs.cairn.info/revue-projet-2008-6-page-084e?lang=fr&redirect-ssocas=7080">https://shs.cairn.info/revue-projet-2008-6-page-084e?lang=fr&redirect-ssocas=7080</a> |
Pas d'exemplaire disponible.




Réseaux sociaux